EPS : European political science.

Bibliographic Details
Uniform Title:EPS (Online)
Corporate Author: European Consortium for Political Research
Format: Journal
Language:English
Published: Colchester, Essex : European Consortium for Political Research.
Subjects:
Online Availability: Check for online availability

MARC

Tag First Indicator Second Indicator Subfields
LEADER 00000cas a2200000Ka 4500
001 in00002092575
005 20151102150543.0
006 m d
007 cr unu--------
008 050614c20019999enktr pss 0 0eng d
022 |y 1680-4333 
029 0 |a OCLCS  |b 117781 
035 |a (OCoLC)ocm60630114 
040 |a OCLCS  |c OCLCS  |d TXA  |d UtOrBLW 
043 |a e------ 
049 |a TXAM 
050 4 |a JA8  |b .E976 Electronic 
130 0 |a EPS (Online) 
245 1 0 |a EPS :  |b European political science. 
246 3 |a European political science 
264 1 |a Colchester, Essex :  |b European Consortium for Political Research. 
310 |a Three issues yearly 
336 |a text  |b txt  |2 rdacontent 
337 |a computer  |b c  |2 rdamedia 
338 |a online resource  |b cr  |2 rdacarrier 
362 1 |a Print began with 1.1 (autumn 2001). 
500 |a "Serving the political science community of Europe." 
500 |a Description based on print version record. 
530 |a Also issued in print. 
538 |a Mode of access: World Wide Web. 
500 |a Electronic resource. 
651 0 |a Europe  |x Politics and government  |y 1989-  |v Periodicals. 
650 0 |a Political science  |v Periodicals. 
710 2 |a European Consortium for Political Research. 
776 1 |t EPS  |x 1680-4333  |w (OCoLC)48971077 
948 |a cataloged  |b h  |c 2005/11/10  |d c  |e pbump 
994 |a C0  |b TXA 
999 |a MARS 
999 f f |s c74ea4e6-dc50-3e82-8b97-0800c11aaf99  |i 034607cd-4136-39d8-9ba5-a28d479a9aaf  |t 0 
952 f f |a Texas A&M University  |b College Station  |c Electronic Resources  |d Available Online  |t 0  |e JA8 .E976  |g Electronic  |h Library of Congress classification 
998 f f |a JA8 .E976  |t 0  |l Available Online